Administración: teoría y práctica (Registro nro. 12536)
[ vista simple ]
| 000 -CABECERA | |
|---|---|
| campo de control de longitud fija | 01020nam a22003497a 4500 |
| 005 - FECHA Y HORA DE ACTUALIZACIÓN | |
| campo de control | 20191217122134.0 |
| 008 - LONGITUD FIJA | |
| campo de control de longitud fija | 191217b xxu||||| |||| 00| 0 spa d |
| 041 ## - IDIOMA | |
| Código de idioma del texto/pista de sonido o título separado | |
| 082 ## - CLASIFICACIÓN DECIMAL DEWEY | |
| Número de clasificación | 658 S194a |
| 100 ## - AUTOR PERSONAL | |
| Nombre de persona | Sanabria Aguilar, Marco Antonio |
| 100 ## - AUTOR PERSONAL | |
| Nombre de persona | Ibánez Blandón, Juanita |
| 245 ## - TÍTULO PROPIAMENTE DICHO | |
| Título | Administración: teoría y práctica |
| 260 ## - PIE DE IMPRENTA | |
| Lugar de publicación, distribución, etc. | Costa Rica |
| 260 ## - PIE DE IMPRENTA | |
| Nombre del editor, distribuidor, etc. | UNED |
| 260 ## - PIE DE IMPRENTA | |
| Fecha de publicación, distribución, etc. | 2015 |
| 300 ## - DESCRIPCIÓN FÍSICA | |
| Extensión | 348 páginas |
| 650 ## - Materia General | |
| Materia general | ADMINISTRACIÓN |
| 650 ## - Materia General | |
| Materia general | HABILIDADES GERENCIALES |
| 650 ## - Materia General | |
| Materia general | TEORIA ADMINISTRATIVA |
| 650 ## - Materia General | |
| Materia general | CULTURA ORGANIZACIONAL |
| 650 ## - Materia General | |
| Materia general | ÉTICA |
| 650 ## - Materia General | |
| Materia general | REPONSABILIDAD SOCIAL |
| 650 ## - Materia General | |
| Materia general | PLANEACIÓN |
| 650 ## - Materia General | |
| Materia general | ADMINISTRACIÓN ESTRATEGICA |
| 650 ## - Materia General | |
| Materia general | TOMA DE DECISIONES |
| 650 ## - Materia General | |
| Materia general | COMUNICACIÓN |
| 650 ## - Materia General | |
| Materia general | INNOVACIÓN |
| 650 ## - Materia General | |
| Materia general | EQUIPOS |
| 650 ## - Materia General | |
| Materia general | ADMINISTRACIÓN DE OPERACIONES |
| 650 ## - Materia General | |
| Materia general | CADENA DE VALOR |
| 942 ## - Punto de Acceso Adicional Koha | |
| Tipo de ítem Koha | Libro |
| Estado perdido | Estado dañado | No para préstamo | Biblioteca permanente | Biblioteca actual | Signatura completa | Código de barras | Precio efectivo a partir del | Tipo de ítem |
|---|---|---|---|---|---|---|---|---|
| Departamento de Biblioteca y Documentación Alfonso Chase Brenes | Departamento de Biblioteca y Documentación Alfonso Chase Brenes | 658 S194a | 24814 | 17/12/2019 | Libro |